[Event "Mittelrhein Verbandsliga-W 18/19"]
[Site "Nordrheinwestfalen"]
[Date "2019.02.10"]
[Round "7.7"]
[White "Schauff, Lutz"]
[Black "Otto, Friedhelm"]
[Result "1-0"]
[WhiteElo "1965"]
[BlackElo "1638"]
[PlyCount "81"]
[EventDate "2018.09.02"]
[EventType "team-tourn"]
[EventRounds "11"]
[EventCountry "GER"]
[SourceTitle "EXT 2022"]
[Source "ChessBase"]
[SourceDate "2021.10.06"]
[SourceVersion "1"]
[SourceVersionDate "2021.10.06"]
[SourceQuality "1"]
[WhiteTeam "Kerpen SK"]
[BlackTeam "Bergheim"]
[WhiteTeamCountry "GER"]
[BlackTeamCountry "GER"]

1. d4 d5 2. Nf3 Nc6 3. c4 e6 4. Nc3 Nf6 5. Bf4 a6 6. e3 Be7 7. Rc1 dxc4 8. Bxc4 0-0 9. h3 h6 10. 0-0 Nd5 11. Bg3 Nxc3 12. bxc3 Bd6 13. e4 Bxg3 14. fxg3 Ne7 15. Qe2 Bd7 16. Rcd1 Qc8 17. Bd3 c6 18. Rf2 f5 19. Rdf1 g6 20. Ne5 Kg7 21. g4 Qd8 22. gxf5 exf5 23. g4 f4 24. Nxd7 Qxd7 25. Rxf4 Rxf4 26. Rxf4 Rf8 27. Rxf8 Kxf8 28. Bc4 Nc8 29. Qf3+ Kg7 30. e5 Qe7 31. Kg2 Nb6 32. Bb3 a5 33. a4 Nc8 34. c4 Nb6 35. c5 Nd7 36. Qc3 Nb8 37. Qxa5 Qd7 38. Qc3 Qe7 39. Qc4 Qe8 40. Qe6 Qf8 41. Qd6 1-0

[Event "Mittelrhein Verbandsliga-W 18/19"]
[Site "Nordrheinwestfalen"]
[Date "2018.09.30"]
[Round "2.7"]
[White "Otto, Friedhelm"]
[Black "Loeffler, Friedrich"]
[Result "0-1"]
[WhiteElo "1638"]
[BlackElo "1842"]
[PlyCount "80"]
[EventDate "2018.09.02"]
[EventType "team-tourn"]
[EventRounds "11"]
[EventCountry "GER"]
[SourceTitle "EXT 2022"]
[Source "ChessBase"]
[SourceDate "2021.10.06"]
[SourceVersion "1"]
[SourceVersionDate "2021.10.06"]
[SourceQuality "1"]
[WhiteTeam "Bergheim"]
[BlackTeam "Bruehl III"]
[WhiteTeamCountry "GER"]
[BlackTeamCountry "GER"]

1. d4 Nf6 2. c4 e6 3. Nf3 c5 4. e3 d5 5. Nc3 Nc6 6. cxd5 exd5 7. Bb5 Be6 8. 0-0 Be7 9. Ne5 Rc8 10. Qa4 Qb6 11. dxc5 Bxc5 12. Nd3 Bd6 13. Qd4 Qxd4 14. exd4 0-0 15. Be3 a6 16. Ba4 b5 17. Bb3 Rfd8 18. a3 Na5 19. Ba2 Nc4 20. Bxc4 bxc4 21. Nf4 Rb8 22. Nxe6 fxe6 23. Rab1 Rb3 24. Na4 Rdb8 25. Rbc1 Nd7 26. Bd2 e5 27. Bc3 e4 28. Rfe1 Nf6 29. f3 Kf7 30. Rcd1 R3b5 31. Re2 Re8 32. Rde1 exf3 33. Rxe8 f2+ 34. Kxf2 Nxe8 35. h3 Nf6 36. Re2 Ne4+ 37. Kf3 g6 38. Rc2 Rb3 39. Ke2 Bxa3 40. bxa3 Rxa3 0-1

[Event "Mittelrhein Verbandsliga-W 16/17"]
[Site "Nordrheinwestfalen"]
[Date "2017.04.30"]
[Round "11.6"]
[White "Schmitt, Lars"]
[Black "Otto, Friedhelm"]
[Result "1-0"]
[WhiteElo "1781"]
[BlackElo "1609"]
[PlyCount "77"]
[EventDate "2016.09.11"]
[EventType "team-tourn"]
[EventRounds "11"]
[EventCountry "GER"]
[SourceTitle "EXT 2022"]
[Source "ChessBase"]
[SourceDate "2021.10.06"]
[SourceVersion "1"]
[SourceVersionDate "2021.10.06"]
[SourceQuality "1"]
[WhiteTeam "Herzogenrath"]
[BlackTeam "Bergheim"]
[WhiteTeamCountry "GER"]
[BlackTeamCountry "GER"]

1. d4 d5 2. c4 dxc4 3. e4 e6 4. Bxc4 Nf6 5. Nc3 Nc6 6. Nf3 Bb4 7. Qd3 Na5 8. Bb5+ Bd7 9. 0-0 a6 10. Bxd7+ Qxd7 11. Bg5 Be7 12. d5 b6 13. a3 0-0 14. b4 Nb7 15. Ne5 Qc8 16. Nc6 Bd8 17. e5 h6 18. Bh4 g5 19. exf6 Bxf6 20. Bg3 Qd7 21. Be5 Bxe5 22. Nxe5 Qd6 23. Ng4 Kg7 24. Rad1 Rad8 25. Qf3 e5 26. Ne4 Qe7 27. Qf6+ Qxf6 28. Ngxf6 Nd6 29. Nxd6 Rxd6 30. Ne4 Rd7 31. d6 c6 32. g4 f6 33. Ng3 Kg6 34. Nf5 h5 35. f3 Rh8 36. Rc1 hxg4 37. fxg4 Rh3 38. Rxc6 Rxa3 39. Rc7 1-0

[Event "Mittelrhein Verbandsliga-W 16/17"]
[Site "Nordrheinwestfalen"]
[Date "2016.10.02"]
[Round "2.7"]
[White "Otto, Friedhelm"]
[Black "Singh, Marcel"]
[Result "0-1"]
[WhiteElo "1609"]
[BlackElo "1903"]
[PlyCount "114"]
[EventDate "2016.09.11"]
[EventType "team-tourn"]
[EventRounds "11"]
[EventCountry "GER"]
[SourceTitle "EXT 2022"]
[Source "ChessBase"]
[SourceDate "2021.10.06"]
[SourceVersion "1"]
[SourceVersionDate "2021.10.06"]
[SourceQuality "1"]
[WhiteTeam "Bergheim"]
[BlackTeam "Eschweiler SC"]
[WhiteTeamCountry "GER"]
[BlackTeamCountry "GER"]

1. d4 e5 2. dxe5 Nc6 3. Nf3 Qe7 4. e3 Nxe5 5. Nc3 Nf6 6. Nxe5 Qxe5 7. Be2 d5 8. 0-0 Bd6 9. g3 Bf5 10. Nb5 h5 11. Nxd6+ Qxd6 12. Bf3 h4 13. g4 Bg6 14. h3 0-0-0 15. b3 Ne4 16. Bb2 Ng5 17. Bg2 f6 18. Qe2 Be4 19. Rad1 Qc6 20. Rc1 Bxg2 21. Kxg2 d4+ 22. f3 Qd6 23. Bxd4 Qg3+ 24. Kh1 Qxh3+ 25. Qh2 Qxh2+ 26. Kxh2 b6 27. a4 Rhe8 28. b4 a6 29. c4 Ne6 30. Rcd1 Nxd4 31. exd4 Re2+ 32. Kg1 Ra2 33. Ra1 Rxa1 34. Rxa1 Rxd4 35. Rc1 g5 36. Rc3 Rd1+ 37. Kg2 Ra1 38. c5 b5 39. axb5 axb5 40. Rd3 Ra2+ 41. Kg1 Ra4 42. Rd4 Kb7 43. Kg2 Kc6 44. f4 Ra2+ 45. Kg1 Rc2 46. fxg5 fxg5 47. Re4 Rc4 48. Re6+ Kd7 49. Rg6 Rxg4+ 50. Kh1 Rxb4 51. c6+ Ke7 52. Rxg5 Kd6 53. Rg6+ Kc5 54. Rh6 Rd4 55. Kg2 Rd6 56. Rh5+ Kxc6 57. Rxh4 Rf6 0-1